000 00762cam a2200193 i 4500
005 20260119093938.0
008 250721s2020 jo gr 000 0 ara d
020 _a9789923230299
082 1 4 _a327.2
_bم ص ل
100 1 _aمصلح، خنساء مصلح حمدان
_eمؤلف.
245 1 0 _aبروتوكول التعامل مع البعثات الدبلوماسية /
_cخنساء مصلح حمدان مصلح.
_bالأردن نموذجًا /
250 _aالطبعة الأولى.
264 3 1 _aعمان :
_bدار الخليج للنشر والتوزيع،
_c2020.
300 _a194صفحة.
650 1 7 _aالبروتوكولات.
650 1 7 _aالعلاقات الدبلوماسية.
942 _2ddc
_cBK
999 _c141842
_d141842